|
|
|
|
| LEADER |
00700nam a2200205Ia 4500 |
| 001 |
TDMU_4876 |
| 008 |
210410s9999 xx 000 0 und d |
| 082 |
|
|
|a 900.72
|
| 090 |
|
|
|b NG527
|
| 100 |
|
|
|a Nguyễn, Thị Phượng
|
| 245 |
|
0 |
|a Thiết kế bài giảng lịch sử 7
|
| 245 |
|
0 |
|c Nguyễn Thị Phượng
|
| 260 |
|
|
|a H.
|
| 260 |
|
|
|b Giáo dục
|
| 260 |
|
|
|c 2003
|
| 300 |
|
|
|a 276tr
|
| 650 |
|
|
|a Sách lớp 7
|v Thiết kế bài giảng; Lịch sử
|x Dạy và học
|
| 700 |
|
|
|a Nguyễn, Thị Thạch
|
| 856 |
|
|
|u http://lrc.tdmu.edu.vn/opac/search/detail.asp?aID=2&ID=4876
|
| 980 |
|
|
|a Trung tâm Học liệu Trường Đại học Thủ Dầu Một
|